| 000 | 00853nam a2200229Ia 4500 | ||
|---|---|---|---|
| 003 | OSt | ||
| 005 | 20250414161336.0 | ||
| 008 | 191128s1994 ck er 000 f spa d | ||
| 020 | _a958060021X | ||
| 040 |
_aCO-JMCR _cCO-JMCR |
||
| 041 | _aspa | ||
| 082 | 0 | 4 |
_aA-N _bGARr |
| 100 | 1 |
_aGarcía Márquez, Gabriel, _d1927-2014 _eautor _93169 |
|
| 245 | 1 | 0 |
_aRelato de un náufrago / _cGabriel García Márquez |
| 250 | _aDiecinueveava edición | ||
| 260 |
_aBogotá : _bOveja negra, _c1994 |
||
| 300 |
_a111 páginas ; _c19 cm. |
||
| 490 | 0 | _aNarrativa | |
| 520 | _aLa historia de esta aventura fue publicada por entregas en El espectador de Bogotá. El 28 de febrero de 1955, se conoció la noticia de que ocho miembros de la tripulación de un destructor de la Marina de Guerra de Colombia. | ||
| 650 | 1 | 4 |
_aNovela colombiana _97014 |
| 942 |
_2ddc _cBK |
||
| 999 |
_c4381 _d4381 |
||